Analýza neštrukturovaných a semi-štrukturovaných dokumentov pomocou techník hlbokého učenia
Gespeichert in:
| 1. Verfasser: | |
|---|---|
| Weitere Verfasser: | |
| Format: | Manuskript Buch |
| Sprache: | Slowakisch |
| Veröffentlicht: |
2025
|
| Schlagworte: | |
| Online-Zugang: | http://is.stuba.sk/zp/portal_zp.pl?podrobnosti=183874 |
| Tags: |
Keine Tags, Fügen Sie das erste Tag hinzu!
|
MARC
| LEADER | 00000ntm a22000003a 4500 | ||
|---|---|---|---|
| 001 | stuzp105798 | ||
| 003 | SK-STU | ||
| 005 | 20250607211639.2 | ||
| 007 | ta | ||
| 008 | 150427s2015----xo-----f-mn---000-0-slo-d | ||
| 040 | |a STU |b slo | ||
| 041 | 0 | |a slo | |
| 100 | 1 | |a Repkovský, Dominik |u 070200 |4 aut |U FIIT Fakulta informatiky a informačných technológií |T FIIT Ústav informatiky, informačných systémov a softvérového inžinierstva |X 110885 |U I200 |Y 179 |7 110885 | |
| 242 | 0 | 1 | |a DeepLearning Approach for Unstructured and Semi-Structured Textual Documents Classification and Extraction |y eng |
| 245 | 1 | 0 | |a Analýza neštrukturovaných a semi-štrukturovaných dokumentov pomocou techník hlbokého učenia |
| 260 | |c 2025 | ||
| 650 | 4 | |a information extraction |2 eng | |
| 650 | 4 | |a document analysis |2 eng | |
| 650 | 4 | |a deep learning |2 eng | |
| 650 | 4 | |a hlboké učenie |2 slo | |
| 650 | 4 | |a extrakcia informácií |2 slo | |
| 650 | 4 | |a analýza dokumentov |2 slo | |
| 700 | 1 | |a Kováčová, Monika |u 070200 |k Z1 |4 ths |U FIIT Fakulta informatiky a informačných technológií |T FIIT Ústav informatiky, informačných systémov a softvérového inžinierstva |X 2333 |U I200 |Y 179 |7 A000002333 | |
| 856 | 4 | |u http://is.stuba.sk/zp/portal_zp.pl?podrobnosti=183874 | |